Dictionnaire du judéo-espagnol / (Record no. 111326)

MARC details
000 -LEADER
campo de control de longitud fija 00690nam a2200205 i 4500
001 - NÚMERO DE CONTROL
campo de control 111326
003 - IDENTIFICADOR DE NÚMERO DE CONTROL
campo de control ES-MaACL
005 - FECHA Y HORA DE LA ÚLTIMA TRANSACCIÓN
campo de control 20250822090136.0
007 - CAMPO FIJO DE DESCRIPCIÓN FÍSICA--INFORMACIÓN GENERAL
campo de control de longitud fija t|
008 - DATOS DE LONGITUD FIJA--INFORMACIÓN GENERAL
campo de control de longitud fija 061121s1977 sp r ||||1| fre d
100 1# - ENTRADA PRINCIPAL--NOMBRE DE PERSONA
Nombre de persona Nehama, Joseph.
9 (RLIN) 85325
245 10 - MENCIÓN DEL TÍTULO
Título Dictionnaire du judéo-espagnol /
Mención de responsabilidad, etc. par Joseph Nehama ; avec la collaboration de Jesús Cantera.
260 ## - PUBLICACIÓN, DISTRIBUCIÓN, ETC.
Lugar de publicación, distribución, etc. Madrid :
Nombre del editor, distribuidor, etc. Instituto Benito Arias Montano,
Fecha de publicación, distribución, etc. 1977.
300 ## - DESCRIPCIÓN FÍSICA
Extensión XV, 609 p. ;
Dimensiones 28 cm.
650 #4 - PUNTO DE ACCESO ADICIONAL DE MATERIA--TÉRMINO DE MATERIA
Término de materia o nombre geográfico como elemento de entrada Lengua sefardí-
Subdivisión general Diccionarios-
-- Francés.
9 (RLIN) 168224
700 1# - ENTRADA AGREGADA--NOMBRE PERSONAL
Nombre de persona Cantera, Jesús
Fechas asociadas al nombre 1923-2017
9 (RLIN) 34641
710 2# - ENTRADA AGREGADA--NOMBRE DE ENTIDAD CORPORATIVA
Nombre de entidad corporativa o nombre de jurisdicción como elemento de entrada Instituto "Arias Montano"
9 (RLIN) 4797
852 ## - LOCALIZACIÓN
Ubicación ES-MaACL
Número de control de estantería A-8189
Sublocalización o colección R.96799
Holdings
Estatus retirado Estado de pérdida Estado de daño No para préstamo Biblioteca de origen Biblioteca actual Ubicación en estantería Fecha de adquisición Fuente de adquisición Total de préstamos Signatura topográfica completa Código de barras Visto por última vez Precio de reemplazo Tipo de ítem Koha
        Biblioteca del Ateneo de Madrid Biblioteca del Ateneo de Madrid Sala Pecera Planta 1 17/01/2008     A-8189 1116145 23/02/2023 23/02/2023 Libro impreso